|
|
|
|
| LEADER |
02115nam a2200301 a 4500 |
| 001 |
GR-Patra18055 |
| 008 |
041001s1998 gr g b 000 0 gre d |
| 040 |
|
|
|a GrPaTEI
|b gre
|c GR-PaULI
|
| 040 |
|
|
|a GrPaTEI
|b gre
|c GR-PaULI
|
| 082 |
|
0 |
|a 712
|2 21
|
| 100 |
1 |
|
|a Ροϊδης, Χάρης
|
| 245 |
1 |
0 |
|a Κατασκευαστικές λεπτομέρειες εξωτερικών χώρων /
|c Χάρης Ροϊδης.
|
| 250 |
|
|
|a 2η εκδ.
|
| 260 |
|
|
|a Θεσσαλονίκη :
|b Εκδόσεις Ζήτη,
|c 1998
|
| 300 |
|
|
|a 175σ. :
|b σχημ.
|
| 500 |
|
|
|a Τμήμα ανακαίνισης και αποκατάστασης κτιρίων: 26617-26621
|
| 504 |
|
|
|a Περιλαμβάνει βιβλιογραφία.
|
| 650 |
|
4 |
|a Εξωτερικοί χώροι
|x Αρχιτεκτονική
|
| 710 |
0 |
|
|a Ζήτη
|
| 942 |
|
|
|2 ddc
|
| 952 |
|
|
|0 0
|1 0
|2 ddc
|4 0
|6 712_000000000000000_ΡΟΙ
|7 0
|9 297993
|a LISK
|b LISK
|c BSC
|d 2021-01-17
|e 24
|f 0
|g 0.00
|l 0
|o 712 ΡΟΙ
|p 92410026617
|r 2021-01-17 00:00:00
|t 1
|w 2021-01-17
|y BK15
|x 20041001 0 1
|x GrPaTEI
|
| 952 |
|
|
|0 0
|1 0
|2 ddc
|4 0
|6 712_000000000000000_ΡΟΙ
|7 0
|9 297994
|a LISK
|b LISK
|c BSC
|d 2021-01-17
|e 24
|f 0
|g 0.00
|l 0
|o 712 ΡΟΙ
|p 92410026618
|r 2021-01-17 00:00:00
|t 1
|w 2021-01-17
|y BK15
|x 20041001 0 1
|x GrPaTEI
|
| 952 |
|
|
|0 0
|1 0
|2 ddc
|4 0
|6 712_000000000000000_ΡΟΙ
|7 0
|9 297995
|a LISK
|b LISK
|c BSC
|d 2021-01-17
|e 24
|f 0
|g 0.00
|l 0
|o 712 ΡΟΙ
|p 92410026619
|r 2021-01-17 00:00:00
|t 1
|w 2021-01-17
|y BK15
|x 20041001 0 1
|x GrPaTEI
|
| 952 |
|
|
|0 0
|1 0
|2 ddc
|4 0
|6 712_000000000000000_ΡΟΙ
|7 0
|9 297997
|a LISK
|b LISK
|c BSC
|d 2021-01-17
|e 24
|f 0
|g 0.00
|l 0
|o 712 ΡΟΙ
|p 92410029638
|r 2021-01-17 00:00:00
|t 1
|w 2021-01-17
|y BK15
|x 20061011 0 1
|x GrPaTEI
|
| 952 |
|
|
|0 0
|1 0
|2 ddc
|4 0
|6 712_000000000000000_ΡΟΙ
|7 0
|9 297998
|a LISK
|b LISK
|c BSC
|d 2021-01-17
|e 24
|f 0
|g 0.00
|l 0
|o 712 ΡΟΙ
|p 92410032139
|r 2021-01-17 00:00:00
|t 1
|w 2021-01-17
|y BK15
|x 20070801 0 1
|x GrPaTEI
|
| 952 |
|
|
|0 0
|1 0
|2 ddc
|4 0
|6 712_000000000000000_ΡΟΙ
|7 0
|9 297999
|a LISK
|b LISK
|c BSC
|d 2021-01-17
|e 24
|f 0
|g 0.00
|l 0
|o 712 ΡΟΙ
|p 92410032140
|r 2021-01-17 00:00:00
|t 1
|w 2021-01-17
|y BK15
|x 20070801 0 1
|x GrPaTEI
|
| 971 |
|
|
|a .b26655706
|b 16-04-20
|c 23-09-16
|
| 999 |
|
|
|c 173503
|d 173503
|